| 000 | 00481nam a22001817a 4500 | ||
|---|---|---|---|
| 005 | 20240902134609.0 | ||
| 008 | 240902b |||||||| |||| 00| 0 eng d | ||
| 020 | _a978-93-325-4260-0 | ||
| 041 | _aeng | ||
| 082 | _a621.3815 BOY | ||
| 100 |
_aBOYLESTAD, ROBERT L. AND NASHEISKY, LOUIS _98497 |
||
| 245 | _aELECTRONIC DEVICES AND CIRCUIT THEORY | ||
| 250 | _a11TH ED. | ||
| 260 |
_aUTTAR PRADESH _bPEARSON _c2015 |
||
| 300 | _a932;P | ||
| 650 |
_aBMLT _98487 |
||
| 942 | _cBK | ||
| 999 |
_c8630 _d8628 |
||